Seis grandes novelistas norteamericanos
Guardado en:
| Hovedforfatter: | |
|---|---|
| Format: | Bog |
| Sprog: | Undetermined |
| Udgivet: |
Buenos Aires, Argentina
Emece Editores
1972
|
| Fag: | |
| Tags: |
Tilføj Tag
Ingen Tags, Vær først til at tagge denne postø!
|
MARC
| LEADER | 00000nam a2200000Ia 4500 | ||
|---|---|---|---|
| 008 | 170316s9999 xx 000 0 und d | ||
| 040 | |a cru BVZT | ||
| 090 | |a 810 M-34s | ||
| 100 | |a Melville, Hermann | ||
| 245 | |a Seis grandes novelistas norteamericanos | ||
| 260 | |a Buenos Aires, Argentina | ||
| 260 | |b Emece Editores | ||
| 260 | |c 1972 | ||
| 300 | |a 338 páginas | ||
| 650 | |a LITERATURA ESTADOUNIDENSE | ||
| 999 | |c 5923 |d 5923 | ||
| 942 | |c 15 D |h 810 M-34s |2 z | ||
